|
|
|
|
| LEADER |
00000nam0a2200000 4500 |
| 001 |
250703 |
| 005 |
20231101232604.0 |
| 010 |
|
|
|a 533500262X
|
| 020 |
|
|
|a RU
|b 89-6457
|
| 035 |
|
|
|a (RuTPU)RU\TPU\book\272922
|
| 090 |
|
|
|a 250703
|
| 100 |
|
|
|a 20140217d1989 k y0rusy5003 ca
|
| 101 |
0 |
|
|a rus
|
| 102 |
|
|
|a UA
|
| 105 |
|
|
|a a z 001zy
|
| 200 |
1 |
|
|a Комплексная переработка сточных вод гальванического производства
|f А. К. Запольский, В. В. Образцов
|
| 210 |
|
|
|a Киев
|c Тэхника
|d 1989
|
| 215 |
|
|
|a 199 с.
|c ил.
|
| 320 |
|
|
|a Библиогр.: с. 180-197.
|
| 606 |
1 |
|
|a Гальванические цехи
|x Водное хозяйство
|2 stltpush
|3 (RuTPU)RU\TPU\subj\5508
|9 33563
|
| 610 |
1 |
|
|a сточные воды
|
| 610 |
1 |
|
|a комплексная переработка
|
| 610 |
1 |
|
|a регенерация
|
| 610 |
1 |
|
|a утилизация
|
| 610 |
1 |
|
|a гальванические производства
|
| 610 |
1 |
|
|a водопотребление
|
| 610 |
1 |
|
|a окружающая среда
|
| 610 |
1 |
|
|a охрана
|
| 675 |
|
|
|a 621.357.74.035
|z rus
|
| 700 |
|
1 |
|a Запольский
|b А. К.
|g Анатолий Кириллович
|
| 701 |
|
1 |
|a Образцов
|b В. В.
|g Владимир Васильевич
|
| 801 |
|
0 |
|a RU
|b RuMRKP
|c 19950417
|g psbo
|
| 801 |
|
1 |
|a RU
|b 63413507
|c 20140217
|
| 801 |
|
2 |
|a RU
|b 63413507
|c 20171017
|g RCR
|
| 942 |
|
|
|c BK
|